[Event "Titled Tuesday intern op 13th Jun Early"]
[Site "Chess.com INT"]
[Date "2023.06.13"]
[Round "7"]
[White "Bashkansky, Ethan"]
[Black "Pakleza, Zbigniew"]
[Result "0-1"]
[WhiteElo "2101"]
[BlackElo "2494"]
[PlyCount "52"]
[EventDate "2023.06.13"]
[EventType "swiss (blitz)"]
[EventRounds "11"]
[EventCountry "USA"]
[SourceTitle "EXT 2024"]
[Source "ChessBase"]
[SourceDate "2023.10.10"]
[SourceVersion "1"]
[SourceVersionDate "2023.10.10"]
[SourceQuality "1"]

1. d4 d6 2. c4 a6 3. e4 g6 4. f4 e6 5. Nf3 f6 6. Nc3 c6 7. Be3 b6 8. Bd3 Ne7 9. 0-0 h6 10. Kh1 Bg7 11. Rc1 0-0 12. Qe2 Nd7 13. b3 Bb7 14. Qf2 b5 15. Rfd1 b4 16. Ne2 a5 17. Bc2 d5 18. c5 Ba6 19. Ng3 dxe4 20. Bxe4 f5 21. Bc2 Nd5 22. Ne5 Nxe5 23. dxe5 Qh4 24. Kg1 g5 25. Bd3 Bxd3 26. Rxd3 gxf4 0-1

[Event "Titled Tuesday intern op 13th Jun Early"]
[Site "Chess.com INT"]
[Date "2023.06.13"]
[Round "8"]
[White "Bashkansky, Ethan"]
[Black "Taboas Rodriguez, Daniel"]
[Result "1-0"]
[WhiteElo "2101"]
[BlackElo "2374"]
[PlyCount "87"]
[EventDate "2023.06.13"]
[EventType "swiss (blitz)"]
[EventRounds "11"]
[EventCountry "USA"]
[SourceTitle "EXT 2024"]
[Source "ChessBase"]
[SourceDate "2023.10.10"]
[SourceVersion "1"]
[SourceVersionDate "2023.10.10"]
[SourceQuality "1"]

1. d4 Nf6 2. c4 g6 3. Nc3 Bg7 4. e4 d6 5. f3 0-0 6. Be3 c5 7. dxc5 dxc5 8. Qxd8 Rxd8 9. Bxc5 Nc6 10. Nd5 e6 11. Ne7+ Nxe7 12. Bxe7 Rd7 13. Ba3 b6 14. Nh3 Ba6 15. Rd1 Rxd1+ 16. Kxd1 Nd7 17. b3 f5 18. Nf4 fxe4 19. Nxe6 exf3 20. Nxg7 Kxg7 21. gxf3 Bb7 22. Bg2 Kh6 23. Re1 Rd8 24. Re7 Ne5+ 25. Ke2 Nd3 26. Rxb7 Nf4+ 27. Kf2 Rd2+ 28. Ke3 Rxa2 29. Kxf4 Rxa3 30. Kg3 Rxb3 31. Rxa7 Rb4 32. Bf1 g5 33. Rc7 Kg6 34. Rc6+ Kg7 35. Bd3 Rb3 36. Be4 Rb4 37. Rc7+ Kf6 38. Bxh7 b5 39. c5 Rc4 40. c6 b4 41. Be4 Ke5 42. Rb7 Kd6 43. Rb5 g4 44. Kxg4 1-0

[Event "Titled Tuesday intern op 13th Jun Early"]
[Site "Chess.com INT"]
[Date "2023.06.13"]
[Round "9"]
[White "Brunner, Nicolas"]
[Black "Bashkansky, Ethan"]
[Result "1-0"]
[WhiteElo "2424"]
[BlackElo "2101"]
[PlyCount "75"]
[EventDate "2023.06.13"]
[EventType "swiss (blitz)"]
[EventRounds "11"]
[EventCountry "USA"]
[SourceTitle "EXT 2024"]
[Source "ChessBase"]
[SourceDate "2023.10.10"]
[SourceVersion "1"]
[SourceVersionDate "2023.10.10"]
[SourceQuality "1"]

1. Nf3 f5 2. d3 d5 3. g3 Nf6 4. Bg2 c6 5. b3 e6 6. Bb2 Be7 7. 0-0 0-0 8. Nbd2 Bd7 9. c4 Be8 10. e4 Bh5 11. e5 Nfd7 12. Qc2 Bxf3 13. Nxf3 Qe8 14. d4 Na6 15. a3 Rc8 16. c5 g5 17. Ne1 Qg6 18. f4 Kh8 19. Nd3 Rg8 20. b4 Nc7 21. a4 a6 22. Bc1 gxf4 23. Nxf4 Qf7 24. Qe2 Rg4 25. Bf3 Rg7 26. Kh1 Rcg8 27. Be3 Nf8 28. Nh5 Rg6 29. Nf6 Bxf6 30. exf6 Nd7 31. Bf4 Nxf6 32. Be5 Rh6 33. Qe3 Rgg6 34. g4 fxg4 35. Bxg4 Rxg4 36. Qxh6 Rg6 37. Rxf6 Qxf6 38. Bxf6+ 1-0

[Event "Titled Tuesday intern op 13th Jun Early"]
[Site "Chess.com INT"]
[Date "2023.06.13"]
[Round "4"]
[White "Mrithyunjay, Mahadevan"]
[Black "Bashkansky, Ethan"]
[Result "0-1"]
[WhiteElo "1754"]
[BlackElo "2101"]
[PlyCount "110"]
[EventDate "2023.06.13"]
[EventType "swiss (blitz)"]
[EventRounds "11"]
[EventCountry "USA"]
[SourceTitle "EXT 2024"]
[Source "ChessBase"]
[SourceDate "2023.10.10"]
[SourceVersion "1"]
[SourceVersionDate "2023.10.10"]
[SourceQuality "1"]

1. Nf3 f5 2. d4 Nf6 3. Bg5 e6 4. c4 Be7 5. Nc3 0-0 6. h4 Qe8 7. Bxf6 Bxf6 8. e4 d6 9. Bd3 Nc6 10. Bc2 e5 11. d5 Nd4 12. Qd2 Nxf3+ 13. gxf3 Qh5 14. Qe2 Bxh4 15. 0-0-0 Bg5+ 16. Kb1 Qf7 17. Rdg1 h6 18. exf5 Bxf5 19. Ne4 Bxe4 20. Qxe4 Qf4 21. Qh7+ Kf7 22. Qg6+ Kg8 23. Qh7+ Kf7 24. Bg6+ Kf6 25. Be4 Kf7 26. Bg6+ Kf6 27. Bh5 Rg8 28. Qg6+ Ke7 29. Qe6+ Kf8 30. Qd7 g6 31. Bg4 Rg7 32. Qb5 Rb8 33. Qa4 a6 34. Qb3 Re7 35. Re1 Kg7 36. Re4 Qf6 37. Qd3 b6 38. Qa3 a5 39. b4 axb4 40. Qxb4 Rf8 41. a4 Qf7 42. Kc2 Qe8 43. Qb3 Rf4 44. Rhe1 Rxe4 45. fxe4 Rf7 46. f3 Qe7 47. Be6 Rf8 48. Kd1 Re8 49. Ke2 Qf8 50. Ra1 Qf4 51. Ra2 Rf8 52. a5 bxa5 53. Rxa5 Qd2+ 54. Kf1 Qxa5 55. Qb7 Qb6 0-1

[Event "Titled Tuesday intern op 13th Jun Early"]
[Site "Chess.com INT"]
[Date "2023.06.13"]
[Round "3"]
[White "Portela Peleteiro, Alberto"]
[Black "Bashkansky, Ethan"]
[Result "1-0"]
[WhiteElo "2329"]
[BlackElo "2101"]
[PlyCount "57"]
[EventDate "2023.06.13"]
[EventType "swiss (blitz)"]
[EventRounds "11"]
[EventCountry "USA"]
[SourceTitle "EXT 2024"]
[Source "ChessBase"]
[SourceDate "2023.10.10"]
[SourceVersion "1"]
[SourceVersionDate "2023.10.10"]
[SourceQuality "1"]

1. e4 c6 2. d4 d5 3. exd5 cxd5 4. Bd3 Nc6 5. c3 Nf6 6. Bf4 g6 7. Nf3 Bf5 8. Bxf5 gxf5 9. 0-0 e6 10. Re1 Bd6 11. Ne5 Qc7 12. Nd2 0-0-0 13. Bg5 Ne4 14. Bxd8 Rxd8 15. Nxe4 fxe4 16. f4 Rg8 17. Kh1 Ne7 18. Qh5 f6 19. Qxh7 fxe5 20. fxe5 Bxe5 21. dxe5 Rg5 22. Rf1 Kd7 23. Rf7 Qd8 24. Raf1 Rxe5 25. Rxe7+ Qxe7 26. Rf7 Qxf7 27. Qxf7+ Kc6 28. Qe8+ Kd6 29. Qb8+ 1-0

[Event "Titled Tuesday intern op 06th Jun Early"]
[Site "Chess.com INT"]
[Date "2023.06.06"]
[Round "2"]
[White "Bashkansky, Ethan"]
[Black "Petukhov, Dmitry"]
[Result "0-1"]
[WhiteElo "2101"]
[BlackElo "2350"]
[PlyCount "140"]
[EventDate "2023.06.06"]
[EventType "swiss (blitz)"]
[EventRounds "11"]
[EventCountry "USA"]
[SourceTitle "EXT 2024"]
[Source "ChessBase"]
[SourceDate "2023.10.10"]
[SourceVersion "1"]
[SourceVersionDate "2023.10.10"]
[SourceQuality "1"]

1. d4 Nf6 2. c4 g6 3. Nc3 d5 4. cxd5 Nxd5 5. Bd2 Bg7 6. e4 Nxc3 7. Bxc3 0-0 8. Nf3 c5 9. d5 Bxc3+ 10. bxc3 Qa5 11. Qd2 Nd7 12. Be2 Nf6 13. c4 Qxd2+ 14. Nxd2 e5 15. 0-0 Ne8 16. a4 Nd6 17. a5 f5 18. exf5 gxf5 19. Nb3 Ne4 20. Bd3 Nd6 21. f3 e4 22. fxe4 fxe4 23. Rxf8+ Kxf8 24. Be2 Bf5 25. Kf2 Ke7 26. Ke3 Bg6 27. g4 Rc8 28. h4 h5 29. gxh5 Bh7 30. Rg1 Kf6 31. Nd2 Nf5+ 32. Kf4 Nd4 33. Bg4 Re8 34. Re1 Nc2 35. Rb1 Re7 36. Be6 e3 37. Nf3 Nd4 38. Re1 Nc2 39. Re2 Bd3 40. Rg2 e2 41. h6 Rh7 42. Rg1 Rxh6 43. Ne1 Nxe1 44. Rxe1 Bxc4 45. Kg4 Rg6+ 46. Kf4 Rg2 47. h5 Rf2+ 48. Kg4 Rf1 49. Rxe2 Bxe2+ 50. Kh4 Rh1+ 51. Kg3 Rxh5 52. Kf4 Re5 53. Bg8 c4 54. d6 Re8 55. Bd5 Rd8 56. Bxb7 c3 57. Ke3 c2 58. Kd2 Bd1 59. Be4 Rxd6+ 60. Kc1 Ke5 61. Bh7 Kd4 62. Bg6 Ke3 63. a6 Rb6 64. Bxc2 Bxc2 65. Kxc2 Rxa6 66. Kb2 Rc6 67. Ka1 Kd2 68. Ka2 Kc3 69. Kb1 Ra6 70. Kc1 Ra1# 0-1

[Event "Titled Tuesday intern op 06th Jun Early"]
[Site "Chess.com INT"]
[Date "2023.06.06"]
[Round "3"]
[White "De la Colina, Nicolas"]
[Black "Bashkansky, Ethan"]
[Result "1-0"]
[WhiteElo "2198"]
[BlackElo "2101"]
[PlyCount "33"]
[EventDate "2023.06.06"]
[EventType "swiss (blitz)"]
[EventRounds "11"]
[EventCountry "USA"]
[SourceTitle "EXT 2024"]
[Source "ChessBase"]
[SourceDate "2023.10.10"]
[SourceVersion "1"]
[SourceVersionDate "2023.10.10"]
[SourceQuality "1"]

1. e4 c6 2. d4 d5 3. exd5 cxd5 4. Bd3 Nf6 5. c3 Nc6 6. Bf4 g6 7. Nf3 Bg4 8. Nbd2 Bg7 9. h3 Bf5 10. Be2 0-0 11. 0-0 Kh8 12. Qb3 b6 13. Rfe1 Rc8 14. Ba6 Na5 15. Qa3 Rc6 16. Qxe7 Qxe7 17. Rxe7 1-0

[Event "Titled Tuesday intern op 30th May Late"]
[Site "Chess.com INT"]
[Date "2023.05.30"]
[Round "11"]
[White "Bashkansky, Ethan"]
[Black "Torres Dominguez, David"]
[Result "1/2-1/2"]
[WhiteElo "2101"]
[BlackElo "1994"]
[PlyCount "130"]
[EventDate "2023.05.30"]
[EventType "swiss (blitz)"]
[EventRounds "11"]
[EventCountry "USA"]
[SourceTitle "CBM 214 Extra"]
[Source "ChessBase"]
[SourceDate "2023.07.31"]
[SourceVersion "1"]
[SourceVersionDate "2023.07.31"]
[SourceQuality "1"]

1. d4 e5 2. dxe5 d6 3. Nf3 Bg4 4. Nbd2 Nc6 5. exd6 Bxd6 6. h3 Bh5 7. g4 Bg6 8. Bg2 Qe7 9. 0-0 0-0-0 10. c3 h5 11. g5 Ne5 12. Qb3 c6 13. Nxe5 Bxe5 14. Nf3 Bc7 15. Be3 f6 16. Qa3 Qxa3 17. bxa3 a6 18. Rad1 Ne7 19. Nd4 Nf5 20. Nxf5 Rxd1 21. Rxd1 Bxf5 22. h4 Re8 23. gxf6 gxf6 24. Bf3 Rg8+ 25. Kh1 Bg4 26. Rg1 Bxf3+ 27. exf3 Rxg1+ 28. Kxg1 Kd7 29. Kf1 Ke6 30. Ke2 Bd8 31. a4 f5 32. Bg5 Bxg5 33. hxg5 f4 34. a5 Kf5 35. Kf1 Kxg5 36. Kg2 c5 37. Kh2 Kh4 38. Kg2 Kg5 39. Kh2 c4 40. Kh3 h4 41. Kh2 Kh5 42. Kh3 Kg5 43. Kh2 Kg6 44. Kh3 Kh5 45. Kh2 Kg5 46. Kh3 Kh5 47. Kh2 Kg5 48. Kg2 Kh5 49. Kh1 Kg5 50. Kg2 Kh5 51. Kg1 Kg5 52. Kh1 Kh5 53. Kg1 h3 54. Kh2 Kh6 55. Kxh3 Kg5 56. Kg2 Kh4 57. Kh2 Kh5 58. Kh3 Kg5 59. Kg2 Kh4 60. Kg1 Kh3 61. Kh1 Kh4 62. Kh2 Kh5 63. Kh1 Kh4 64. Kg1 Kh3 65. Kh1 Kh4 1/2-1/2

[Event "Titled Tuesday intern op 30th May Late"]
[Site "Chess.com INT"]
[Date "2023.05.30"]
[Round "2"]
[White "Dragomirescu, Robin Alexandru"]
[Black "Bashkansky, Ethan"]
[Result "1-0"]
[WhiteElo "2337"]
[BlackElo "2101"]
[PlyCount "65"]
[EventDate "2023.05.30"]
[EventType "swiss (blitz)"]
[EventRounds "11"]
[EventCountry "USA"]
[SourceTitle "CBM 214 Extra"]
[Source "ChessBase"]
[SourceDate "2023.07.31"]
[SourceVersion "1"]
[SourceVersionDate "2023.07.31"]
[SourceQuality "1"]

1. b3 f5 2. Bb2 e6 3. c4 Nf6 4. Nc3 b6 5. g3 Bb7 6. Nf3 Bxf3 7. exf3 Be7 8. f4 0-0 9. Bg2 c6 10. 0-0 Na6 11. d4 Nc7 12. d5 exd5 13. cxd5 cxd5 14. Nxd5 Nfxd5 15. Bxd5+ Nxd5 16. Qxd5+ Kh8 17. Rad1 d6 18. Rfe1 Rc8 19. Rd2 Rc7 20. h4 Rd7 21. h5 Bf6 22. Bxf6 Rxf6 23. Re6 h6 24. Kg2 Kh7 25. Rde2 Rxe6 26. Rxe6 Qf8 27. g4 Qf7 28. g5 hxg5 29. fxg5 Qxh5 30. Qxf5+ g6 31. Rxg6 Kh8 32. Qf8+ Kh7 33. Qg8# 1-0

[Event "Titled Tuesday intern op 23rd May Early"]
[Site "Chess.com INT"]
[Date "2023.05.23"]
[Round "6"]
[White "Andreev, Konstantin"]
[Black "Bashkansky, Ethan"]
[Result "1-0"]
[WhiteElo "2195"]
[BlackElo "2101"]
[PlyCount "55"]
[EventDate "2023.05.23"]
[EventType "swiss (blitz)"]
[EventRounds "11"]
[EventCountry "USA"]
[SourceTitle "CBM 214 Extra"]
[Source "ChessBase"]
[SourceDate "2023.07.31"]
[SourceVersion "1"]
[SourceVersionDate "2023.07.31"]
[SourceQuality "1"]

1. e4 c6 2. d4 d5 3. e5 c5 4. dxc5 Nc6 5. f4 Nh6 6. Nf3 Bg4 7. Be3 e6 8. Nbd2 d4 9. Bf2 Bxc5 10. h3 Bxf3 11. Qxf3 Qb6 12. 0-0-0 0-0-0 13. Ne4 Kb8 14. g4 Ka8 15. Nxc5 Qxc5 16. Kb1 f6 17. Bg2 fxe5 18. fxe5 Rhf8 19. Qe2 Nxe5 20. Bg3 Nc4 21. Rd3 Ne3 22. Be4 Rc8 23. Rb3 Rf7 24. Qa6 Nd5 25. Qxe6 d3 26. Bxd3 Nf4 27. Bxf4 Rxf4 28. Rc3 1-0

[Event "Titled Tuesday intern op 23rd May Early"]
[Site "Chess.com INT"]
[Date "2023.05.23"]
[Round "5"]
[White "Bashkansky, Ethan"]
[Black "Omariev, Maksim"]
[Result "1-0"]
[WhiteElo "2101"]
[BlackElo "2304"]
[PlyCount "123"]
[EventDate "2023.05.23"]
[EventType "swiss (blitz)"]
[EventRounds "11"]
[EventCountry "USA"]
[SourceTitle "CBM 214 Extra"]
[Source "ChessBase"]
[SourceDate "2023.07.31"]
[SourceVersion "1"]
[SourceVersionDate "2023.07.31"]
[SourceQuality "1"]

1. d4 d5 2. c4 e6 3. Nc3 Nf6 4. cxd5 exd5 5. Bg5 Be7 6. e3 c6 7. Bd3 Bg4 8. Qc2 Bh5 9. Nge2 Bg6 10. 0-0 Bxd3 11. Qxd3 Nbd7 12. Rab1 a5 13. a3 0-0 14. h3 Re8 15. b4 axb4 16. axb4 b5 17. Ng3 h6 18. Bxf6 Bxf6 19. Nf5 Nb6 20. e4 Ra3 21. e5 Be7 22. Qg3 Bg5 23. f4 Na4 24. Rbc1 Nxc3 25. Rxc3 Rxc3 26. Qxc3 Be7 27. Qg3 Bf8 28. Nxh6+ Kh7 29. Nxf7 Qd7 30. Ng5+ Kg8 31. Qh4 g6 32. e6 Qg7 33. Kh1 Bxb4 34. f5 Be7 35. Qg4 Rf8 36. Nf7 gxf5 37. Qxf5 Qxd4 38. Rf4 Qa1+ 39. Kh2 Bf6 40. Qxf6 Qxf6 41. Rxf6 Kg7 42. e7 Re8 43. Rf2 Rxe7 44. Nd6 d4 45. Nf5+ Kf6 46. Nxe7+ Kxe7 47. h4 c5 48. h5 d3 49. h6 c4 50. h7 c3 51. h8Q d2 52. Qh7+ Ke6 53. Qc2 b4 54. Rxd2 b3 55. Qxc3 b2 56. Rxb2 Kd5 57. Qb3+ Ke4 58. Qa3 Kf4 59. Rb4+ Kg5 60. Qa5+ Kh6 61. Rb6+ Kg7 62. Qa7+ 1-0

[Event "Titled Tuesday intern op 23rd May Late"]
[Site "Chess.com INT"]
[Date "2023.05.23"]
[Round "9"]
[White "Bashkansky, Ethan"]
[Black "Santos Flores, Alberto Javier"]
[Result "0-1"]
[WhiteElo "2101"]
[BlackElo "2164"]
[PlyCount "40"]
[EventDate "2023.05.23"]
[EventType "swiss (blitz)"]
[EventRounds "11"]
[EventCountry "USA"]
[SourceTitle "EXT 2024"]
[Source "ChessBase"]
[SourceDate "2023.10.10"]
[SourceVersion "1"]
[SourceVersionDate "2023.10.10"]
[SourceQuality "1"]

1. d4 d5 2. c4 c6 3. Nc3 Nf6 4. e3 a6 5. Nf3 Bf5 6. Bd3 Bg6 7. 0-0 e6 8. Ne5 Bxd3 9. Qxd3 Nbd7 10. f4 Be7 11. b3 0-0 12. Bb2 Nxe5 13. fxe5 Nd7 14. c5 f6 15. exf6 Bxf6 16. e4 h6 17. Rae1 Qc7 18. Ne2 Nxc5 19. dxc5 Bxb2 20. Nf4 Rxf4 0-1

[Event "Titled Tuesday intern op 23rd May Early"]
[Site "Chess.com INT"]
[Date "2023.05.23"]
[Round "10"]
[White "Bashkansky, Ethan"]
[Black "Tologontegin, Semetey"]
[Result "1-0"]
[WhiteElo "2101"]
[BlackElo "2372"]
[PlyCount "135"]
[EventDate "2023.05.23"]
[EventType "swiss (blitz)"]
[EventRounds "11"]
[EventCountry "USA"]
[SourceTitle "CBM 214 Extra"]
[Source "ChessBase"]
[SourceDate "2023.07.31"]
[SourceVersion "1"]
[SourceVersionDate "2023.07.31"]
[SourceQuality "1"]

1. d4 d5 2. c4 e6 3. Nc3 a6 4. Nf3 Nf6 5. cxd5 exd5 6. Bg5 Be6 7. e3 Bd6 8. Bd3 Nbd7 9. 0-0 h6 10. Bh4 0-0 11. Rc1 c6 12. Qc2 Qc7 13. Bg3 Rfe8 14. b4 Bg4 15. a4 Bxg3 16. hxg3 Qd6 17. b5 axb5 18. axb5 c5 19. dxc5 Nxc5 20. Be2 b6 21. Rfd1 Red8 22. Nd4 Bxe2 23. Qxe2 Rd7 24. Qf3 Nce4 25. Nc6 Qe6 26. Ne2 g6 27. Ra1 Rxa1 28. Rxa1 Kg7 29. Ra8 h5 30. Qf4 Qd6 31. Qxd6 Nxd6 32. Ned4 Nfe4 33. Rb8 Rb7 34. Rxb7 Nxb7 35. Nb8 Nec5 36. Kh2 Kf6 37. Kh3 Ke7 38. g4 hxg4+ 39. Kxg4 Nd6 40. Nbc6+ Kd7 41. f3 Nd3 42. Kg5 Ne1 43. g4 Ng2 44. Nc2 Nxb5 45. Kf6 Nd6 46. g5 b5 47. N6d4 b4 48. Ke5 b3 49. Nxb3 Nc4+ 50. Kxd5 Ncxe3+ 51. Nxe3 Nxe3+ 52. Ke4 Nc4 53. Nd4 Ke7 54. Kf4 Nd6 55. Kg4 Nc4 56. Ne2 Kd6 57. Ng3 Ke5 58. Ne4 Ne3+ 59. Kg3 Kf5 60. Nd6+ Ke6 61. Ne4 Nf5+ 62. Kf4 Nd4 63. Ke3 Nf5+ 64. Kf4 Ne7 65. Kg4 Nd5 66. f4 Ne3+ 67. Kf3 Kd5 68. Kxe3 1-0

[Event "Titled Tuesday intern op 23rd May Late"]
[Site "Chess.com INT"]
[Date "2023.05.23"]
[Round "10"]
[White "Hajiyev, Kanan"]
[Black "Bashkansky, Ethan"]
[Result "0-1"]
[WhiteElo "2197"]
[BlackElo "2101"]
[PlyCount "158"]
[EventDate "2023.05.23"]
[EventType "swiss (blitz)"]
[EventRounds "11"]
[EventCountry "USA"]
[SourceTitle "EXT 2024"]
[Source "ChessBase"]
[SourceDate "2023.10.10"]
[SourceVersion "1"]
[SourceVersionDate "2023.10.10"]
[SourceQuality "1"]

1. d4 f5 2. c4 Nf6 3. g3 g6 4. Bg2 Bg7 5. Nc3 0-0 6. Nh3 Nc6 7. d5 Ne5 8. b3 Nf7 9. Bb2 e5 10. dxe6 dxe6 11. Qxd8 Rxd8 12. Rd1 Rxd1+ 13. Kxd1 e5 14. e4 Nxe4 15. Nxe4 fxe4 16. Ng1 Bf5 17. Ne2 Rd8+ 18. Ke1 Ng5 19. Nc3 Nf3+ 20. Bxf3 exf3 21. Nd5 c6 22. Ne3 Kf7 23. g4 Bd3 24. h4 h6 25. Rh3 e4 26. Bxg7 Kxg7 27. g5 hxg5 28. hxg5 Bb1 29. a4 Ba2 30. b4 Bb3 31. a5 Rd4 32. b5 Bxc4 33. a6 bxa6 34. bxc6 a5 35. c7 Ba6 36. Nc2 Rc4 37. Kd2 Rxc7 38. Rh4 Rd7+ 39. Kc3 Bd3 40. Ne3 Rc7+ 41. Kd4 a4 42. Nd5 Rd7 43. Ke5 Rxd5+ 44. Kxd5 a3 45. Rh1 a2 46. Ra1 Bb1 47. Kd4 Kf7 48. Kc4 Ke6 49. Kd4 Kf5 50. Ke3 Kxg5 51. Kd2 Kf4 52. Ke1 g5 53. Kf1 g4 54. Kg1 a5 55. Kh2 a4 56. Kg1 Ke5 57. Kf1 Kd4 58. Ke1 Kc3 59. Kd1 Kb2 60. Rxa2+ Bxa2 61. Kd2 Bc4 62. Ke3 Bd3 63. Kf4 a3 64. Ke3 a2 65. Kd2 a1Q 66. Ke3 Qc1+ 67. Kd4 Qc4+ 68. Ke3 Qc5+ 69. Kf4 Qxf2 70. Kg5 e3 71. Kf4 g3 72. Ke5 Bf1 73. Kd4 Qd2+ 74. Ke5 Qd3 75. Kf4 Qd4+ 76. Kxg3 Ba6 77. Kh2 Qe5+ 78. Kg1 f2+ 79. Kg2 f1Q# 0-1

[Event "Titled Tuesday intern op 23rd May Early"]
[Site "Chess.com INT"]
[Date "2023.05.23"]
[Round "4"]
[White "Sanudula, KM Dahamdi"]
[Black "Bashkansky, Ethan"]
[Result "0-1"]
[WhiteElo "1677"]
[BlackElo "2101"]
[PlyCount "50"]
[EventDate "2023.05.23"]
[EventType "swiss (blitz)"]
[EventRounds "11"]
[EventCountry "USA"]
[SourceTitle "CBM 214 Extra"]
[Source "ChessBase"]
[SourceDate "2023.07.31"]
[SourceVersion "1"]
[SourceVersionDate "2023.07.31"]
[SourceQuality "1"]

1. d4 f5 2. e3 Nf6 3. Bd3 g6 4. Nd2 Bg7 5. c3 0-0 6. f4 d6 7. Ngf3 Kh8 8. Qe2 Nc6 9. 0-0 e5 10. e4 fxe4 11. Nxe4 exd4 12. Nxd4 Nxd4 13. cxd4 Nxe4 14. Qxe4 d5 15. Qe3 Qf6 16. Qf3 Qxd4+ 17. Kh1 c6 18. Rb1 Bg4 19. Qg3 Rae8 20. b3 Be2 21. Bxe2 Rxe2 22. Ba3 Rfe8 23. f5 Be5 24. Qg5 Qd2 25. fxg6 Qxg5 0-1

[Event "Titled Tuesday intern op 23rd May Early"]
[Site "Chess.com INT"]
[Date "2023.05.23"]
[Round "8"]
[White "Zaitsev, Alexander"]
[Black "Bashkansky, Ethan"]
[Result "0-1"]
[WhiteElo "2473"]
[BlackElo "2101"]
[PlyCount "82"]
[EventDate "2023.05.23"]
[EventType "swiss (blitz)"]
[EventRounds "11"]
[EventCountry "USA"]
[SourceTitle "CBM 214 Extra"]
[Source "ChessBase"]
[SourceDate "2023.07.31"]
[SourceVersion "1"]
[SourceVersionDate "2023.07.31"]
[SourceQuality "1"]

1. e4 c6 2. d4 d5 3. Nc3 dxe4 4. Bc4 Nf6 5. f3 e3 6. Bxe3 Nbd7 7. Qe2 Nb6 8. Bb3 Nbd5 9. Bd2 Nxc3 10. Bxc3 Bf5 11. 0-0-0 e6 12. g4 Bg6 13. f4 Be7 14. Nf3 Nxg4 15. h4 Qc7 16. h5 Bf5 17. Ne5 Nxe5 18. dxe5 Rd8 19. Rdg1 Rg8 20. Rg3 Kd7 21. Rhg1 g6 22. hxg6 Rxg6 23. Rxg6 fxg6 24. Rh1 h5 25. a3 Kc8 26. Qf2 Kb8 27. a4 Ka8 28. Bc4 Qb6 29. Qe2 Bc5 30. Kb1 Bd4 31. a5 Qc5 32. Bd2 a6 33. Rf1 Bg4 34. Qd3 Bf5 35. Qe2 Qe7 36. Re1 Ba7 37. Bb3 Qd7 38. Bc3 Qc7 39. Bc4 Qd7 40. Rf1 Qe7 41. Re1 Qh4 0-1

[Event "Titled Tuesday intern op 16th May Late"]
[Site "Chess.com INT"]
[Date "2023.05.16"]
[Round "8"]
[White "Bashkansky, Ethan"]
[Black "Melikyan, Gnel"]
[Result "0-1"]
[WhiteElo "2101"]
[BlackElo "2238"]
[PlyCount "116"]
[EventDate "2023.05.16"]
[EventType "swiss (blitz)"]
[EventRounds "11"]
[EventCountry "USA"]
[SourceTitle "CBM 214 Extra"]
[Source "ChessBase"]
[SourceDate "2023.07.31"]
[SourceVersion "1"]
[SourceVersionDate "2023.07.31"]
[SourceQuality "1"]

1. d4 f5 2. Nc3 Nf6 3. Bg5 e6 4. e4 fxe4 5. Nxe4 Be7 6. Bxf6 Bxf6 7. Nf3 0-0 8. Bd3 Nc6 9. Nxf6+ Qxf6 10. 0-0 d6 11. Bb5 Bd7 12. c3 Rae8 13. Re1 a6 14. Bxc6 Bxc6 15. Re3 g5 16. Qe2 h6 17. Re1 Qf5 18. Rxe6 g4 19. Nh4 Qh5 20. g3 Qg5 21. Rg6+ Kh7 22. Rxg5 Rxe2 23. Rxe2 hxg5 24. Ng2 Rf7 25. Ne3 Bf3 26. Re1 Kg6 27. Nc2 Kf6 28. a3 Rh7 29. Re3 Rh8 30. Ne1 Bd5 31. Nd3 b5 32. Nb4 Bb7 33. Nd3 a5 34. Ne1 Bd5 35. f3 gxf3 36. Nxf3 b4 37. cxb4 axb4 38. axb4 Rb8 39. Ne1 Rxb4 40. Nd3 Rxd4 41. Kf2 c5 42. Ke2 Bc4 43. Rf3+ Kg6 44. Re3 Bb5 45. Kd2 c4 46. Kc3 Rxd3+ 47. Rxd3 cxd3 48. Kd2 d5 49. h3 d4 50. Ke1 Kf5 51. Kd2 Ke4 52. Ke1 Bd7 53. h4 Ke3 54. hxg5 d2+ 55. Kf1 Kf3 56. Kg1 Kxg3 57. Kf1 Bb5+ 58. Kg1 d1Q# 0-1

[Event "Titled Tuesday intern op 09th May Late"]
[Site "Chess.com INT"]
[Date "2023.05.09"]
[Round "3"]
[White "Bashkansky, Ethan"]
[Black "Erzhanov, Arman"]
[Result "0-1"]
[WhiteElo "2101"]
[BlackElo "2228"]
[PlyCount "138"]
[EventDate "2023.05.09"]
[EventType "swiss (blitz)"]
[EventRounds "11"]
[EventCountry "USA"]
[SourceTitle "CBM 214 Extra"]
[Source "ChessBase"]
[SourceDate "2023.07.31"]
[SourceVersion "1"]
[SourceVersionDate "2023.07.31"]
[SourceQuality "1"]

1. d4 d6 2. c4 e5 3. dxe5 dxe5 4. Qxd8+ Kxd8 5. Nf3 f6 6. g3 Be6 7. Nbd2 c6 8. Bg2 Nd7 9. 0-0 Kc7 10. Rd1 a5 11. a4 Nc5 12. Ne1 Ne7 13. Nd3 Nc8 14. Nxc5 Bxc5 15. Ne4 Be7 16. b3 Nb6 17. Bd2 Nd7 18. Bc3 Nc5 19. Nxc5 Bxc5 20. h4 b6 21. Kh2 Rhd8 22. Bh3 Bxh3 23. Kxh3 Bxf2 24. Kg4 g6 25. Rf1 f5+ 26. Kf3 Bd4 27. Rac1 Bxc3 28. Rxc3 Rd2 29. e4 Rad8 30. exf5 gxf5 31. Ke3 Rg2 32. Rxf5 Rxg3+ 33. Rf3 Rxf3+ 34. Kxf3 Rd4 35. Kg3 Kd6 36. h5 h6 37. Rf3 Ke7 38. Re3 Kf6 39. c5 bxc5 40. Rc3 c4 41. bxc4 Kg5 42. Kf2 Kxh5 43. Ke3 Kg4 44. Rc1 h5 45. Rg1+ Kf5 46. Rh1 h4 47. Rf1+ Rf4 48. Rc1 h3 49. c5 Rxa4 50. Rf1+ Kg4 51. Rh1 Ra3+ 52. Ke4 Kg3 53. Kxe5 Rd3 54. Ra1 Rd5+ 55. Ke6 Rxc5 56. Ra3+ Kh4 57. Ra4+ Kg5 58. Ra3 h2 59. Rh3 Rc2 60. Kd6 a4 61. Kc7 a3 62. Rg3+ Kf4 63. Rg8 a2 64. Rf8+ Kg3 65. Rf1 Kg2 66. Rd1 h1Q 67. Rd6 Qh7+ 68. Kb6 Rb2+ 69. Ka5 Qa7# 0-1